50 längste Flüsse - Statistiken

Allgemein
  • Dieses Quiz wurde 33 mal gespielt
  • Das Durchschnittsergebnis liegt bei 19 aus 50
Antwortstatistiken
Rang Länge Fluss % Korrekt
1. 6'650 km Nil
100%
2. 6'400 km Amazonas
97%
45. 1'904 km Don
93%
27. 2'857 km Donau
87%
17. 3'530 km Wolga
87%
4. 6'051 km Mississippi
80%
3. 6'380 km Jangtsekiang
63%
9. 4'835 km Kongo
63%
13. 4'184 km Niger
60%
10. 4'692 km Lena
57%
11. 4'500 km Mekong
57%
6. 5'410 km Ob
50%
7. 5'052 km Amur
47%
24. 3'010 km Orinoco
47%
22. 3'034 km Rio Grande
47%
30. 2'574 km Sambesi
47%
21. 3'180 km Indus
43%
8. 4'845 km Huáng Hé
40%
12. 4'260 km Mackenzie
40%
14. 3'998 km Paraná
40%
34. 2'333 km Colorado River
37%
5. 5'540 km Jenissei
37%
37. 2'201 km Dnepr
30%
16. 3'596 km Schatt al-Arab
30%
23. 3'019 km Syrdarja
30%
33. 2'428 km Ural
30%
28. 2'743 km Amudarja
27%
50. 1'800 km Okavango
27%
25. 2'980 km Saluen
27%
15. 3'672 km Murray River
23%
26. 2'930 km Sankt-Lorenz-Strom
23%
20. 3'185 km Yukon River
23%
41. 2'160 km Oranje
20%
19. 3'199 km Rio São Francisco
20%
47. 1'819 km Volta
20%
40. 2'170 km Irrawaddy
17%
18. 3'450 km Meghna
17%
29. 2'671 km Nelson River
17%
42. 2'060 km Brazos River
13%
36. 2'240 km Columbia River
13%
43. 1'977 km Indigirka
13%
44. 1'910 km Juba
13%
31. 2'513 km Kolyma
13%
49. 1'806 km Nördliche Dwina
13%
35. 2'292 km Olenjok
13%
48. 1'809 km Petschora
13%
32. 2'450 km Rio Tocantins
13%
38. 2'197 km Xi Jiang
13%
46. 1'872 km Río Colorado
10%
39. 2'190 km Tarim
10%
Keine übereinstimmenden Quizze gefunden
Verteilung der Resultate
Anzahl Personen mit jedem Resultat
Perzentil nach korrekt beantworteten Fragen
Ihre Resultats-Entwicklung
Sie haben dieses Quiz noch nicht gespielt